[Event "St Petersburg op"]
[Site "St Petersburg"]
[Date "1992.??.??"]
[Round "?"]
[White "Khropov, Boris"]
[Black "Nikolaev, Sergej"]
[Result "1-0"]
[WhiteElo "2205"]
[BlackElo "2425"]
[PlyCount "69"]
[EventDate "1992.??.??"]
[EventType "swiss"]
[EventRounds "9"]
[EventCountry "RUS"]
[SourceTitle "EXT 1997"]
[Source "ChessBase"]
[SourceDate "1996.11.15"]
[SourceVersion "1"]
[SourceVersionDate "1996.11.15"]
[SourceQuality "1"]

1. e4 c5 2. Nf3 e6 3. d4 cxd4 4. Nxd4 a6 5. Bd3 Nf6 6. 0-0 d6 7. Be3 g6 8. Kh1 Bg7 9. f4 e5 10. fxe5 Ng4 11. Bg1 Nxe5 12. Be2 0-0 13. Nc3 Nbc6 14. Nd5 Nxd4 15. Bxd4 Be6 16. Bb6 Qd7 17. c4 Rac8 18. Rc1 Bxd5 19. exd5 Qe7 20. Bf2 Nd7 21. b4 Rfe8 22. Bg4 f5 23. Re1 Be5 24. Bf3 g5 25. Qd3 g4 26. Bd1 Rf8 27. c5 Qg5 28. Rc4 Nf6 29. Bg1 Qh4 30. Rxe5 dxe5 31. Qxf5 Rce8 32. Bxg4 Qe1 33. Qg5+ Kh8 34. Be6 Nxd5 35. Rg4 1-0

[Event "St Petersburg op"]
[Site "St Petersburg"]
[Date "1992.??.??"]
[Round "?"]
[White "Lugovoi, Aleksei"]
[Black "Nikolaev, Sergej"]
[Result "1-0"]
[WhiteElo "2315"]
[BlackElo "2425"]
[PlyCount "53"]
[EventDate "1992.??.??"]
[EventType "swiss"]
[EventRounds "9"]
[EventCountry "RUS"]
[SourceTitle "EXT 1997"]
[Source "ChessBase"]
[SourceDate "1996.11.15"]
[SourceVersion "1"]
[SourceVersionDate "1996.11.15"]
[SourceQuality "1"]

1. d4 f5 2. g3 Nf6 3. Bg2 d6 4. Nh3 c6 5. c3 g6 6. Qb3 e5 7. Nd2 Bg7 8. 0-0 Qe7 9. e4 Na6 10. Re1 exd4 11. cxd4 d5 12. e5 Ne4 13. Nf1 h6 14. Nf4 Kf7 15. Rxe4 fxe4 16. Bxe4 g5 17. Ng6 Qb4 18. Nxh8+ Bxh8 19. Qf3+ Ke7 20. Bg6 Be6 21. Be3 Rf8 22. Qh5 Bg7 23. f4 g4 24. Rd1 c5 25. f5 cxd4 26. Bxh6 d3 27. Be3 1-0

[Event "Moscow Tal Memorial"]
[Site "Moscow"]
[Date "1992.??.??"]
[Round "?"]
[White "Nikolaev, Sergej"]
[Black "Gorbatov, Alexej"]
[Result "1-0"]
[WhiteElo "2370"]
[BlackElo "2375"]
[PlyCount "46"]
[EventDate "1992.08.??"]
[EventType "swiss"]
[EventRounds "9"]
[EventCountry "RUS"]
[SourceTitle "EXT 1997"]
[Source "ChessBase"]
[SourceDate "1996.11.15"]
[SourceVersion "1"]
[SourceVersionDate "1996.11.15"]
[SourceQuality "1"]

1. d4 d6 2. Nf3 g6 3. c4 Bg7 4. Nc3 Nc6 5. d5 Ne5 6. Nxe5 Bxe5 7. e4 Bg7 8. Be2 e6 9. h4 h5 10. Bg5 Qd7 11. Qd2 Ne7 12. 0-0-0 e5 13. f3 a6 14. g4 hxg4 15. fxg4 f6 16. Be3 Ng8 17. g5 f5 18. exf5 gxf5 19. h5 f4 20. Bf2 Qf5 21. h6 Bf8 22. Bd3 Qxg5 23. Rdg1 Bg4 1-0

[Event "St Petersburg op"]
[Site "St Petersburg"]
[Date "1992.??.??"]
[Round "?"]
[White "Nikolaev, Sergej"]
[Black "Maksimenko, Andrei"]
[Result "1/2-1/2"]
[WhiteElo "2425"]
[BlackElo "2455"]
[PlyCount "31"]
[EventDate "1992.??.??"]
[EventType "swiss"]
[EventRounds "9"]
[EventCountry "RUS"]
[SourceTitle "EXT 1997"]
[Source "ChessBase"]
[SourceDate "1996.11.15"]
[SourceVersion "1"]
[SourceVersionDate "1996.11.15"]
[SourceQuality "1"]

1. d4 Nf6 2. c4 e6 3. Nf3 b6 4. g3 Ba6 5. b3 d5 6. cxd5 exd5 7. Bg2 Bb4+ 8. Bd2 Bxd2+ 9. Qxd2 0-0 10. Nc3 Re8 11. Ne5 Bb7 12. 0-0 Na6 13. Rac1 c5 14. f4 Qc7 15. dxc5 Nxc5 16. Rfd1 1/2-1/2

[Event "St Petersburg op"]
[Site "St Petersburg"]
[Date "1992.??.??"]
[Round "?"]
[White "Nikolaev, Sergej"]
[Black "Soloviov, Sergei"]
[Result "1-0"]
[WhiteElo "2425"]
[BlackElo "2420"]
[PlyCount "91"]
[EventDate "1992.??.??"]
[EventType "swiss"]
[EventRounds "9"]
[EventCountry "RUS"]
[SourceTitle "EXT 1997"]
[Source "ChessBase"]
[SourceDate "1996.11.15"]
[SourceVersion "1"]
[SourceVersionDate "1996.11.15"]
[SourceQuality "1"]

1. d4 Nf6 2. c4 g6 3. Nc3 Bg7 4. e4 0-0 5. Be3 d6 6. f3 Nc6 7. Nge2 a6 8. Qd2 Rb8 9. h4 h5 10. Nc1 e5 11. d5 Nd4 12. Nb3 Nxb3 13. axb3 c5 14. Be2 Bd7 15. Nd1 Nh7 16. b4 f5 17. exf5 gxf5 18. bxc5 dxc5 19. Bxc5 Re8 20. Bd6 Rc8 21. c5 Qf6 22. Qb4 e4 23. f4 Qd4 24. Qxd4 Bxd4 25. Rc1 Bb5 26. Rh3 Bxe2 27. Kxe2 Nf6 28. Rc4 Bg1 29. Rh1 b5 30. Rc2 Bd4 31. Rd2 Bxc5 32. Bxc5 Rxc5 33. Ne3 Ng4 34. Nxg4 hxg4 35. d6 Kf7 36. d7 Rd8 37. h5 Kg7 38. Rhd1 g3 39. Ke3 Rc6 40. Rd5 Rc2 41. Rxf5 Rxg2 42. h6+ Kg6 43. Rg5+ Kf7 44. h7 Rh2 45. Rg8 Ke7 46. f5 1-0

[Event "Moscow Tal Memorial"]
[Site "Moscow"]
[Date "1992.??.??"]
[Round "?"]
[White "Yudasin, Leonid"]
[Black "Nikolaev, Sergej"]
[Result "1-0"]
[WhiteElo "2635"]
[BlackElo "2370"]
[PlyCount "36"]
[EventDate "1992.08.??"]
[EventType "swiss"]
[EventRounds "9"]
[EventCountry "RUS"]
[SourceTitle "EXT 1997"]
[Source "ChessBase"]
[SourceDate "1996.11.15"]
[SourceVersion "1"]
[SourceVersionDate "1996.11.15"]
[SourceQuality "1"]

1. e4 c5 2. Nf3 e6 3. d4 cxd4 4. Nxd4 a6 5. Bd3 Nf6 6. 0-0 Qc7 7. Nc3 Bd6 8. Kh1 Nc6 9. Nb3 Be7 10. f4 d6 11. Qf3 0-0 12. Be3 b5 13. Rad1 Bb7 14. Qh3 Nb4 15. Nd4 d5 16. e5 Ne4 17. Bxe4 dxe4 18. Nxe6 Qc8 1-0

[Event "Podolsk"]
[Site "Podolsk"]
[Date "1991.??.??"]
[Round "?"]
[White "Knezevic, Milorad"]
[Black "Nikolaev, Sergej"]
[Result "1-0"]
[WhiteElo "2390"]
[BlackElo "2430"]
[PlyCount "107"]
[EventDate "1991.10.??"]
[EventType "tourn"]
[EventRounds "11"]
[EventCountry "URS"]
[EventCategory "8"]
[SourceTitle "CBM 026 Extra"]
[Source "ChessBase"]
[SourceDate "1992.03.01"]
[SourceVersion "1"]
[SourceVersionDate "1992.03.01"]
[SourceQuality "1"]

1. d4 Nf6 2. Nf3 e6 3. Bf4 c5 4. e3 Qb6 5. Qc1 Nh5 6. Bg3 cxd4 7. exd4 Nc6 8. c3 Be7 9. Nbd2 0-0 10. Bd3 Qd8 11. Qc2 g6 12. Nc4 d6 13. 0-0 f5 14. h3 Nxg3 15. fxg3 Bf6 16. Rfe1 Qc7 17. Qb3 Kh8 18. Qa3 Rd8 19. Ne3 e5 20. Nd5 Qf7 21. Nxf6 Qxf6 22. dxe5 dxe5 23. Bb5 e4 24. Bxc6 bxc6 25. Nd4 Bd7 26. Rad1 Be8 27. Kh2 Bf7 28. Qc5 Rd6 29. a4 Rad8 30. Qxa7 h5 31. a5 h4 32. gxh4 R8d7 33. Qc5 Rd5 34. Qf8+ Kh7 35. Ra1 Rd8 36. Qa3 Qe5+ 37. Kh1 c5 38. Nf3 Qg3 39. Ng5+ Kg7 40. Nxf7 Kxf7 41. Qb3 Kg7 42. Rad1 Rd2 43. Rg1 e3 44. Rde1 f4 45. Qb7+ Kh6 46. Qe7 R8d6 47. b4 cxb4 48. cxb4 Rxg2 49. Rxg2 Qxe1+ 50. Rg1 Qd2 51. h5 Qd5+ 52. Kh2 g5 53. h4 Qa2+ 54. Rg2 1-0

[Event "Warsaw Legion op"]
[Site "Warsaw"]
[Date "1991.??.??"]
[Round "6"]
[White "Nikolaev, Sergej"]
[Black "Barwinski, Dionizy"]
[Result "1-0"]
[WhiteElo "2450"]
[BlackElo "2205"]
[PlyCount "83"]
[EventDate "1991.??.??"]
[EventType "swiss"]
[EventRounds "11"]
[EventCountry "POL"]
[SourceTitle "EXT 1997"]
[Source "ChessBase"]
[SourceDate "1996.11.15"]
[SourceVersion "1"]
[SourceVersionDate "1996.11.15"]
[SourceQuality "1"]

1. d4 Nf6 2. c4 e6 3. Nf3 Bb4+ 4. Bd2 Qe7 5. g3 0-0 6. Bg2 d5 7. 0-0 dxc4 8. Qc2 Nbd7 9. Qxc4 Bxd2 10. Nbxd2 c6 11. Qc3 Nd5 12. Qb3 e5 13. e4 N5b6 14. a4 exd4 15. Nxd4 a5 16. Rfe1 Qd8 17. Qc3 Ne5 18. N2b3 Re8 19. f4 Ng4 20. h3 Nf6 21. g4 Qc7 22. e5 Nfd5 23. Qg3 Nc4 24. Rac1 Ncb6 25. Nb5 Qe7 26. Nd6 Rd8 27. Nc5 f6 28. Be4 fxe5 29. fxe5 Rb8 30. Rf1 Nd7 31. Nxc8 Rdxc8 32. Nxd7 Qxd7 33. Bf5 Qe7 34. Bxc8 Rxc8 35. Rce1 Nc7 36. Qc3 Qh4 37. e6 Nd5 38. Qf3 Nf6 39. e7 Re8 40. Re5 h5 41. Qb3+ Kh7 42. Rxf6 1-0

[Event "Leningrad op"]
[Site "Leningrad"]
[Date "1991.??.??"]
[Round "?"]
[White "Nikolaev, Sergej"]
[Black "Bebchuk, Evgeni"]
[Result "1-0"]
[WhiteElo "2450"]
[BlackElo "2335"]
[PlyCount "73"]
[EventDate "1991.??.??"]
[EventType "swiss"]
[EventRounds "9"]
[EventCountry "URS"]
[SourceTitle "TD"]
[Source "ChessBase"]
[SourceDate "1994.03.01"]
[SourceVersion "1"]
[SourceVersionDate "1994.03.01"]
[SourceQuality "1"]

1. d4 Nf6 2. c4 e6 3. Nf3 b6 4. g3 Ba6 5. b3 d5 6. cxd5 exd5 7. Bg2 Bb4+ 8. Bd2 Bd6 9. 0-0 0-0 10. Nc3 Nbd7 11. Rc1 Re8 12. Bf4 Qe7 13. Bxd6 Qxd6 14. Qc2 Re7 15. Rfd1 Rc8 16. e3 g6 17. Qb2 c6 18. b4 Bc4 19. b5 a6 20. bxc6 Rxc6 21. Nd2 b5 22. e4 dxe4 23. Ndxe4 Qb8 24. Nd2 Rc8 25. Nxc4 Rxc4 26. a4 Nb6 27. axb5 a5 28. Qa3 Rec7 29. Bc6 Qa7 30. d5 Rb4 31. d6 Rc8 32. Na2 Ra4 33. Qb2 Nfd7 34. Re1 Rd8 35. Re7 Rc4 36. Rce1 Qb8 37. Rxf7 1-0

[Event "Podolsk"]
[Site "Podolsk"]
[Date "1991.??.??"]
[Round "?"]
[White "Nikolaev, Sergej"]
[Black "Belov, Igor"]
[Result "0-1"]
[WhiteElo "2430"]
[BlackElo "2435"]
[PlyCount "60"]
[EventDate "1991.10.??"]
[EventType "tourn"]
[EventRounds "11"]
[EventCountry "URS"]
[EventCategory "8"]
[SourceTitle "CBM 026 Extra"]
[Source "ChessBase"]
[SourceDate "1992.03.01"]
[SourceVersion "1"]
[SourceVersionDate "1992.03.01"]
[SourceQuality "1"]

1. d4 Nf6 2. c4 g6 3. Nc3 Bg7 4. e4 d6 5. f3 0-0 6. Be3 c5 7. Nge2 Nc6 8. d5 Ne5 9. Ng3 e6 10. Be2 exd5 11. cxd5 a6 12. a4 Bd7 13. 0-0 b5 14. axb5 axb5 15. Rxa8 Qxa8 16. Bxb5 Bxb5 17. Nxb5 Qa6 18. Nc3 Rb8 19. Qc2 Qd3 20. Qf2 Nc4 21. Nd1 Nxd5 22. exd5 Nxe3 23. Nxe3 Rxb2 24. Rd1 Qb3 25. Rd2 Rb1+ 26. Nef1 Bd4 27. Rxd4 cxd4 28. Qxd4 Rd1 29. Qe4 Qb6+ 30. Kh1 Qf2 0-1

[Event "Podolsk"]
[Site "Podolsk"]
[Date "1991.??.??"]
[Round "?"]
[White "Nikolaev, Sergej"]
[Black "Zaitsev, Igor A"]
[Result "0-1"]
[WhiteElo "2430"]
[BlackElo "2405"]
[PlyCount "58"]
[EventDate "1991.10.??"]
[EventType "tourn"]
[EventRounds "11"]
[EventCountry "URS"]
[EventCategory "8"]
[SourceTitle "CBM 026 Extra"]
[Source "ChessBase"]
[SourceDate "1992.03.01"]
[SourceVersion "1"]
[SourceVersionDate "1992.03.01"]
[SourceQuality "1"]

1. d4 Nf6 2. c4 g6 3. Nc3 Bg7 4. e4 d6 5. f3 0-0 6. Be3 Nc6 7. Nge2 e5 8. d5 Na5 9. Nc1 c5 10. Nb3 Nxb3 11. axb3 Nh5 12. g3 f5 13. exf5 gxf5 14. Qd2 Bd7 15. Be2 a6 16. 0-0 f4 17. Bf2 fxg3 18. hxg3 Rf6 19. Kh2 Rh6 20. Kg1 Rg6 21. Bd3 Bh6 22. Qe1 Rg7 23. Kh2 Qg5 24. Rh1 Kh8 25. Ne4 Qf5 26. Nxc5 Qxf3 27. Be2 Qf5 28. Bd3 Qg4 29. Be2 Qh3+ 0-1

[Event "Podolsk"]
[Site "Podolsk"]
[Date "1991.??.??"]
[Round "?"]
[White "Poldauf, Dirk"]
[Black "Nikolaev, Sergej"]
[Result "0-1"]
[WhiteElo "2385"]
[BlackElo "2430"]
[PlyCount "88"]
[EventDate "1991.10.??"]
[EventType "tourn"]
[EventRounds "11"]
[EventCountry "URS"]
[EventCategory "8"]
[SourceTitle "CBM 026 Extra"]
[Source "ChessBase"]
[SourceDate "1992.03.01"]
[SourceVersion "1"]
[SourceVersionDate "1992.03.01"]
[SourceQuality "1"]

1. c4 f5 2. g3 Nf6 3. Bg2 g6 4. d4 Bg7 5. Nc3 0-0 6. Nh3 e6 7. 0-0 d6 8. Qb3 Na6 9. Rd1 c6 10. d5 cxd5 11. cxd5 e5 12. Ng5 Qe7 13. Ne6 Bxe6 14. dxe6 Nc5 15. Nd5 Nxd5 16. Qxd5 Rad8 17. Bg5 Bf6 18. Bxf6 Rxf6 19. Rac1 Nxe6 20. Qxb7 Rd7 21. Qd5 Kg7 22. e3 e4 23. b4 Ng5 24. a4 Re6 25. a5 Re5 26. Qc6 Ne6 27. Qc3 h5 28. Qb2 h4 29. Rc6 Ng5 30. b5 Nf7 31. b6 axb6 32. axb6 Kh7 33. Rdc1 Rc5 34. Bf1 Ne5 35. R6xc5 dxc5 36. Qc3 Rd2 37. Qxc5 Nf3+ 38. Kg2 h3+ 39. Kxh3 Qxc5 40. Rxc5 Rxf2 41. Bg2 Ng1+ 42. Kh4 Kh6 43. g4 Rxg2 44. g5+ Rxg5 0-1

[Event "URS-sf"]
[Site "Voronezh"]
[Date "1991.??.??"]
[Round "?"]
[White "Semeniuk, Alexander A"]
[Black "Nikolaev, Sergej"]
[Result "1-0"]
[WhiteElo "2370"]
[BlackElo "2450"]
[PlyCount "57"]
[EventDate "1991.??.??"]
[EventType "swiss"]
[EventRounds "12"]
[EventCountry "URS"]
[SourceTitle "CBM 022 Extra"]
[Source "ChessBase"]
[SourceDate "1991.07.01"]
[SourceVersion "1"]
[SourceVersionDate "1991.07.01"]
[SourceQuality "1"]

1. e4 c5 2. Nf3 e6 3. d4 cxd4 4. Nxd4 Nf6 5. Bd3 a6 6. 0-0 Qc7 7. Kh1 d6 8. f4 Be7 9. Qe1 0-0 10. Nc3 Nbd7 11. Qg3 Nc5 12. Bd2 Nxd3 13. cxd3 Kh8 14. f5 Bd7 15. Rac1 Qb6 16. Nb3 a5 17. Be3 Qa6 18. d4 exf5 19. exf5 a4 20. Nd2 a3 21. b3 Qd3 22. Rf3 Qa6 23. d5 Rac8 24. Bd4 Nh5 25. Qf2 Bf6 26. Nde4 Be5 27. Rf1 Bb5 28. Rd1 Bd3 29. Rdxd3 1-0

[Event "Budapest IM-A"]
[Site "Budapest"]
[Date "1990.??.??"]
[Round "9"]
[White "Busch, Klaus"]
[Black "Nikolaev, Sergej"]
[Result "1/2-1/2"]
[WhiteElo "2305"]
[BlackElo "2345"]
[PlyCount "31"]
[EventDate "1990.??.??"]
[EventType "tourn"]
[EventRounds "13"]
[EventCountry "HUN"]
[EventCategory "4"]
[SourceTitle "EXT 1997"]
[Source "ChessBase"]
[SourceDate "1996.11.15"]
[SourceVersion "1"]
[SourceVersionDate "1996.11.15"]
[SourceQuality "1"]

1. Nf3 d5 2. c4 e6 3. g3 Nf6 4. Bg2 dxc4 5. Qc2 Nbd7 6. Na3 c5 7. Nxc4 Be7 8. 0-0 Nb6 9. b3 0-0 10. Bb2 Nbd5 11. Nce5 Bd7 12. a3 Bb5 13. Rfe1 Rc8 14. Rac1 Qd6 15. d4 Qb8 16. Qb1 1/2-1/2

[Event "Budapest IM-A"]
[Site "Budapest"]
[Date "1990.??.??"]
[Round "7"]
[White "Feher, Gyula"]
[Black "Nikolaev, Sergej"]
[Result "0-1"]
[WhiteElo "2390"]
[BlackElo "2345"]
[PlyCount "81"]
[EventDate "1990.??.??"]
[EventType "tourn"]
[EventRounds "13"]
[EventCountry "HUN"]
[EventCategory "4"]
[SourceTitle "EXT 1997"]
[Source "ChessBase"]
[SourceDate "1996.11.15"]
[SourceVersion "1"]
[SourceVersionDate "1996.11.15"]
[SourceQuality "1"]

1. e4 c5 2. Nf3 e6 3. d4 cxd4 4. Nxd4 Nc6 5. Nc3 d6 6. Be3 Nf6 7. f4 e5 8. Nde2 Ng4 9. Bg1 exf4 10. Nxf4 Be7 11. Qd2 0-0 12. 0-0-0 Be6 13. Kb1 Rc8 14. Be2 Nge5 15. Nfd5 Bg5 16. Qe1 Kh8 17. h3 Re8 18. g4 Bh4 19. Qd2 Ng6 20. Be3 Bg3 21. g5 Qa5 22. h4 Bxd5 23. exd5 Nb4 24. a3 Nxc2 25. Kxc2 Be5 26. Kb3 Nf4 27. Bxf4 Bxc3 28. bxc3 Rxe2 29. Qd4 Re4 30. Qd3 Rxf4 31. Rh2 Rfc4 32. Rc1 Qa4+ 33. Ka2 Rxh4 34. Re2 Qc4+ 35. Qxc4 Rhxc4 36. Kb2 g6 37. Rh2 Kg7 38. Rch1 Rh8 39. Re2 Rg4 40. Re7 Rxg5 41. c4 0-1

[Event "Liechtenstein op"]
[Site "Liechtenstein"]
[Date "1990.??.??"]
[Round "?"]
[White "Kranzl, Peter"]
[Black "Nikolaev, Sergej"]
[Result "0-1"]
[WhiteElo "2315"]
[BlackElo "2345"]
[PlyCount "39"]
[EventDate "1990.??.??"]
[EventType "swiss"]
[EventRounds "9"]
[EventCountry "LIE"]
[SourceTitle "EXT 2000"]
[Source "ChessBase"]
[SourceDate "1999.11.16"]
[SourceVersion "1"]
[SourceVersionDate "1999.11.16"]
[SourceQuality "1"]

1. c4 Nf6 2. d4 c5 3. d5 b5 4. cxb5 a6 5. Nc3 axb5 6. e4 b4 7. Nb5 d6 8. Nf3 g6 9. Bc4 Nxe4 10. Qe2 f5 11. Bf4 Bg7 12. Ng5 0-0 13. h4 Nxg5 14. hxg5 Rf7 15. Rh3 Nd7 16. Re3 Bf8 17. Bxd6 exd6 18. Nxd6 Bxd6 19. Re8+ Qxe8 20. Qxe8+ 0-1

[Event "Budapest IM-A"]
[Site "Budapest"]
[Date "1990.??.??"]
[Round "13"]
[White "Nikolaev, Sergej"]
[Black "Biro, Sandor"]
[Result "1/2-1/2"]
[WhiteElo "2345"]
[BlackElo "2435"]
[PlyCount "31"]
[EventDate "1990.??.??"]
[EventType "tourn"]
[EventRounds "13"]
[EventCountry "HUN"]
[EventCategory "4"]
[SourceTitle "EXT 1997"]
[Source "ChessBase"]
[SourceDate "1996.11.15"]
[SourceVersion "1"]
[SourceVersionDate "1996.11.15"]
[SourceQuality "1"]

1. d4 d5 2. c4 e6 3. Nc3 Nf6 4. Nf3 Be7 5. Bg5 0-0 6. e3 h6 7. Bxf6 Bxf6 8. Rc1 c6 9. Bd3 Nd7 10. 0-0 dxc4 11. Bxc4 e5 12. Bb3 exd4 13. exd4 Nb6 14. h3 Bf5 15. Re1 Re8 16. Rxe8+ 1/2-1/2

[Event "Bad Ragaz op"]
[Site "Bad Ragaz"]
[Date "1990.??.??"]
[Round "6"]
[White "Nikolaev, Sergej"]
[Black "Domont, Alexandre"]
[Result "0-1"]
[WhiteElo "2345"]
[BlackElo "2315"]
[PlyCount "116"]
[EventDate "1990.??.??"]
[EventType "swiss"]
[EventRounds "9"]
[EventCountry "SUI"]
[SourceTitle "EXT 1997"]
[Source "ChessBase"]
[SourceDate "1996.11.15"]
[SourceVersion "1"]
[SourceVersionDate "1996.11.15"]
[SourceQuality "1"]

1. d4 d5 2. c4 c6 3. Nf3 Nf6 4. e3 Bf5 5. Bd3 Bxd3 6. Qxd3 e6 7. Nc3 Nbd7 8. 0-0 Be7 9. e4 dxe4 10. Nxe4 Nxe4 11. Qxe4 0-0 12. Bf4 Qa5 13. Rfd1 Rad8 14. a3 Qa4 15. Rac1 Rfe8 16. Qe3 c5 17. b3 Qxa3 18. Bc7 Rc8 19. Ra1 Qb2 20. Ba5 Qc2 21. Rd3 Bf6 22. Re1 Qa2 23. Bc3 Qxb3 24. Nd2 cxd4 25. Bxd4 Bxd4 26. Qxd4 Qb6 27. Ne4 Qxd4 28. Rxd4 Nc5 29. Nxc5 Rxc5 30. Rd7 Rb8 31. Rb1 Rxc4 32. g3 g6 33. Rbxb7 Rxb7 34. Rxb7 a5 35. Ra7 a4 36. f4 h6 37. Kg2 Kg7 38. Kf3 g5 39. h4 gxh4 40. gxh4 h5 41. Ra5 Kg6 42. Rg5+ Kh6 43. Ra5 Rc3+ 44. Ke4 Ra3 45. f5 Ra1 46. fxe6 fxe6 47. Kd3 a3 48. Kc2 a2 49. Kb2 Rh1 50. Kxa2 Rxh4 51. Re5 Rf4 52. Rxe6+ Kg5 53. Re8 Rf6 54. Re1 h4 55. Rg1+ Kh5 56. Rh1 Rf2+ 57. Kb3 Kg4 58. Rg1+ Kf3 0-1

[Event "HUN-ch op"]
[Site "Gyor"]
[Date "1990.??.??"]
[Round "4"]
[White "Nikolaev, Sergej"]
[Black "Koczka, Zsolt"]
[Result "1-0"]
[WhiteElo "2400"]
[BlackElo "2240"]
[PlyCount "61"]
[EventDate "1990.09.??"]
[EventType "swiss"]
[EventRounds "11"]
[EventCountry "HUN"]
[SourceTitle "EXT 1997"]
[Source "ChessBase"]
[SourceDate "1996.11.15"]
[SourceVersion "1"]
[SourceVersionDate "1996.11.15"]
[SourceQuality "1"]

1. d4 e6 2. c4 Nf6 3. Nf3 d5 4. e3 Be7 5. Nc3 0-0 6. Bd3 b6 7. 0-0 Bb7 8. b3 Ne4 9. Bb2 Nd7 10. Qe2 a6 11. Rfd1 Bd6 12. Ne5 f5 13. f3 Nxc3 14. Bxc3 Qe7 15. Rac1 c5 16. f4 Nxe5 17. dxe5 Bc7 18. cxd5 exd5 19. g4 fxg4 20. Qxg4 b5 21. Bf5 Rxf5 22. Qxf5 Rf8 23. Qg4 Bb6 24. Kf2 d4 25. exd4 cxd4 26. Bxd4 Bxd4+ 27. Rxd4 Qxe5 28. Rcd1 Be4 29. Kg3 Qe8 30. Re1 h5 31. Qg5 1-0

[Event "Budapest IM-A"]
[Site "Budapest"]
[Date "1990.??.??"]
[Round "11"]
[White "Nikolaev, Sergej"]
[Black "Pogorelov, Ruslan"]
[Result "1/2-1/2"]
[WhiteElo "2345"]
[BlackElo "2415"]
[PlyCount "24"]
[EventDate "1990.??.??"]
[EventType "tourn"]
[EventRounds "13"]
[EventCountry "HUN"]
[EventCategory "4"]
[SourceTitle "EXT 1997"]
[Source "ChessBase"]
[SourceDate "1996.11.15"]
[SourceVersion "1"]
[SourceVersionDate "1996.11.15"]
[SourceQuality "1"]

1. d4 d5 2. c4 c6 3. Nf3 Nf6 4. cxd5 cxd5 5. Nc3 Nc6 6. Bf4 Bf5 7. e3 e6 8. Bd3 Bxd3 9. Qxd3 Bd6 10. Bxd6 Qxd6 11. 0-0 0-0 12. Rac1 Rac8 1/2-1/2

[Event "Budapest Spring op 06th"]
[Site "Budapest"]
[Date "1990.??.??"]
[Round "5"]
[White "Nikolaev, Sergej"]
[Black "Titov, German1111"]
[Result "0-1"]
[WhiteElo "2345"]
[BlackElo "2460"]
[PlyCount "70"]
[EventDate "1990.03.??"]
[EventType "swiss"]
[EventRounds "9"]
[EventCountry "HUN"]
[SourceTitle "CBM 017 Extra"]
[Source "ChessBase"]
[SourceDate "1990.09.01"]
[SourceVersion "1"]
[SourceVersionDate "1990.09.01"]
[SourceQuality "1"]

1. d4 d6 2. c4 e5 3. Nf3 e4 4. Ng5 f5 5. f3 Be7 6. Nh3 Nf6 7. Nc3 c6 8. d5 0-0 9. Nf2 Nbd7 10. f4 Qb6 11. e3 Nc5 12. Be2 a5 13. 0-0 g6 14. Rb1 Bd7 15. b3 Rfc8 16. h3 Qd8 17. Bb2 Ne8 18. g4 h6 19. Kh2 Bf6 20. Rg1 Kh7 21. a3 Qe7 22. b4 axb4 23. axb4 Na6 24. Qb3 c5 25. b5 Nb4 26. gxf5 Bxf5 27. Rg2 Bh8 28. Rbg1 Nf6 29. Ba3 Nd7 30. Bb2 Rg8 31. Bg4 Nf6 32. Re1 Rge8 33. Rgg1 Nxg4+ 34. hxg4 Qh4+ 35. Kg2 Nd3 0-1